Metric prefixes - Statistics

General Stats
  • This quiz has been taken 46 times
  • The average score is 12 of 24
Answer Stats
Hint Answer % Correct
10^3 Kilo
100%
10^6 Mega
88%
10^(-9) nano
88%
10^9 Giga
83%
10^(-6) micro
83%
10^(-3) milli
83%
10^(-2) centi
79%
10^1 Deca
75%
10^(-1) deci
67%
10^(-12) pico
67%
10^2 Hecto
58%
10^(-15) femto
50%
10^12 Tera
50%
10^15 Peta
33%
10^18 Exa
29%
10^(-18) atto
25%
10^24 Yotta
25%
10^21 Zetta
25%
10^(-21) zepto
21%
10^(-30) quecto
17%
10^(-24) yocto
17%
10^30 Quetta
13%
10^27 Ronna
13%
10^(-27) ronto
8%
No matching quizzes found
Score Distribution
Percent of People with Each Score
Percentile by Number Answered
Your Score History
You have not taken this quiz